| 000 | 01034fam a2200349 a 4500 | ||
|---|---|---|---|
| 001 | 1245629 | ||
| 003 | ARRUPE | ||
| 005 | 20140915164333.0 | ||
| 008 | 920505s1993 nyu b 001 0 eng | ||
| 010 | _a 92053243 | ||
| 020 | _a0465025382 | ||
| 035 | _a(OCoLC)187453894 | ||
| 035 | _a(OCoLC)ocn187453894 | ||
| 035 | _a(NNC)1245629 | ||
| 040 |
_aDLC _cDLC _dNNC |
||
| 050 | 0 | 0 |
_aJC571 _b.F6453 1993 |
| 082 | 0 | 0 |
_a323 _220 |
| 100 |
_aJohnson, Barbara, _911304 |
||
| 245 | 0 | 0 |
_aFreedom and interpretation / _cBarbara Johnson, editor. |
| 260 |
_aNew York : _bBasicBooks, _c1993. |
||
| 263 | _a9304 | ||
| 300 |
_aviii, 226 p. ; _c22 cm. |
||
| 490 | 1 |
_aThe Oxford Amnesty lectures ; _v1992 |
|
| 504 | _aIncludes bibliographical references (p. 207-215) and index. | ||
| 650 | 0 |
_aHuman rights. _911305 |
|
| 650 | 0 |
_aSelf. _911306 |
|
| 650 | 0 |
_aDeconstruction. _911307 |
|
| 700 | 1 |
_aJohnson, Barbara, _d1947-2009. _911308 |
|
| 830 | 0 |
_aOxford Amnesty lectures ; _v1992. _911309 |
|
| 942 |
_2lcc _cMONOGRAPH |
||
| 999 |
_c120850 _d120850 |
||